000 00588nam a2200217 a 4500
001 69627
003 BD-RjUL
005 20211209081917.0
008 170412s1965 n a 001 0 eng d
035 _a(BD-RjUL)69839
040 _cCSU
_dm.c.
_dRCD
_aBD-RjUL
_beng
041 _aeng
082 _223
_a515
_bLIC 1965
100 1 _aLightstone, A. H.
_9206237
245 1 0 _aConcepts of calculus /
_cA. H. Lightstone
260 _aNew York :
_bHarper & Row,
_c1965
300 _axv, 489 p. :
_bill. ;
_c26 cm.
500 _aIncludes Indexes
650 0 _aCalculus.
_9206238
942 _2ddc
_cBK
999 _c69627
_d69627